| 000 | 00728nam a22002057a 4500 | ||
|---|---|---|---|
| 003 | Nust | ||
| 005 | 20241211095316.0 | ||
| 008 | 170216b xxu||||| |||| 00| 0 eng d | ||
| 040 | _cNust-MCE | ||
| 082 | _a200 | ||
| 100 |
_aAli Fatima Masood _9127075 |
||
| 245 |
_aAnalysis of Role of Media in Disaster Reporting (Case-Study 2005 Earthquake and Flood 2010)/ _cFatima Masood Ali |
||
| 260 |
_aRisalpur Cantt _bMCE _cc2014 |
||
| 300 | _a80, p. | ||
| 526 | _aMS-Construction Engineering and Management | ||
| 650 |
_aMS-Construction Engineering and Management _9126573 |
||
| 700 |
_aSupervisor: Major Dr. Muhammad Jawed Iqbal, _9127074 |
||
| 856 | _uhttp://10.250.8.41:8080/xmlui/handle/123456789/11833 | ||
| 942 |
_cSC _2ddc |
||
| 999 |
_c230058 _d230058 |
||